| 000 | 00323nam a2200121Ia 4500 | ||
|---|---|---|---|
| 008 | 240731s9999 xx 000 0 und d | ||
| 022 | _a2324-5905 | ||
| 245 | 0 | _aInnovation and Entrepreneurship in Health | |
| 260 | _bDove Medical Press | ||
| 856 | _uhttps://www.tandfonline.com/loi/dieh20 | ||
| 942 | _2ddc | ||
| 942 | _cTFEJ | ||
| 999 |
_c76980 _d76980 |
||
| 945 |
_a1 _bMadushi Gamage _c1 _dMadushi Gamage |
||